000 00745cam a2200241 a 4500
999 _c127293
_d127293
001 14887930
003 ARRUPE
005 20180104091549.0
008 070612s2006 rh 000 0 eng
010 _a 2007380649
020 _a9781779220639
040 _aDLC
_cDLC
042 _alcode
043 _af-rh---
050 0 0 _aPR-59-1
100 1 _aTagwira, Valerie.
_938191
245 1 4 _aThe uncertainty of hope /
_cValerie Tagwira.
260 _aHarare :
_bWeaver Press,
_c2006.
300 _avii, 368 p. ;
_c21 cm.
651 0 _aZimbabwe
_vFiction.
_938192
906 _a7
_bcbc
_corigode
_d3
_encip
_f20
_gy-gencatlg
942 _2lcc
_cMONOGRAPH